| 000 | 01478cam a2200193 a 4500 | ||
|---|---|---|---|
| 999 |
_c3768 _d3768 |
||
| 020 | _a9780073511283 (alk. paper) | ||
| 020 | _a0073511285 (alk. paper) | ||
| 050 | 0 | 0 |
_aHJ257.2 _b.R67 |
| 100 | 1 | _aRosen, Harvey S. | |
| 245 | 1 | 0 |
_aPublic finance / _cHarvey S. Rosen, Ted Gayer. |
| 250 | _a8th ed. | ||
| 260 |
_aBoston : _bMcGraw-Hill Irwin, _cc2008. |
||
| 300 |
_axxvi, 596 p. : _bill. ; _c27 cm. |
||
| 500 | _aIncludes bibliographical references and index | ||
| 505 | _apt. 1. Getting started -- 1. Introduction -- 2. Tools of positive analysis -- 3. Tools of normative analysis -- pt. 2. Analysis of public expenditure -- 4. Public goods -- 5. Externalities -- 6. Political economy -- 7. Income redistribution : conceptual issues -- 8. Expenditure programs for the poor -- 9. Social insurance I : Social Security and unemployment insurance -- 10. Social insurance II : health care -- 11. Cost-benefit analysis -- pt. 3. A framework for tax analysis -- 12. Taxation and income distribution -- 13. Taxation and efficiency -- 14. Efficient and equitable taxation -- pt. 4. The United States Revenue System -- 15. The personal income tax -- 16. Personal taxation and behavior -- 17. The corporation tax -- 18. Deficit finance -- 19. Taxes on consumption and wealth -- pt. 5. Multigovernment public finance -- 20. Public finance in a federal system -- App. Some basic microeconomics. | ||
| 650 | 0 | _aFinance, Public | |
| 700 | 1 | _aGayer, Ted, | |
| 942 | _cBK | ||